000 00958nam a2200265 i 4500
001 172521
003 ES-MaACL
005 20230906214937.0
008 090714s1983 sp |||| | spa d
017 _aB 33190-1983
020 _a84-270-0815-5
080 _a347.156(460)"19"
100 1 _aPérez Otamendi, Odila.
_9141080
245 1 3 _aLa mujer ante la ley /
_cOdila Pérez Otamendi, Margarita Trallero.
260 _aBarcelona :
_bMartínez Roca,
_c[1983]
300 _a152 p. ;
_c20 cm.
490 1 _aFontana práctica
500 _aEn la cub. : Divorcio, hijos, trabajo, herencias. Incluye el proyecto de ley de despenalización del aborto.
594 _aSubtít. de la cub. : Guía práctica de los derechos de la mujer.
650 0 4 _aMujeres-
_xEstatuto jurídico-
_zEspaña.
_915286
700 1 _aTrallero, Margarita.
_9141081
830 0 _aFontana práctica
_9223356
852 _aES-MaACL
_jE-12840
_9R.143571
999 _c172521
_d172521